Tilastot visalle Antiguaa ja Barbudaa lähinnä olevat maat - 30 sekunnin sprintti

Klikkaa tästä pelataksesi tätä visaa!

Yleistilastot

  • Tätä visaa on pelattu 4 kertaa
  • Keskiarvotulos 5 / 20

Vastaustilastot

kmmaa% Oikein
944Haiti
75%
696Venezuela
75%
1414Jamaika
50%
1317Kuuba
50%
68Saint Kitts ja Nevis
50%
1230Bahama
25%
467Barbados
25%
1318Brasilia
25%
154Dominica
25%
1134Kolumbia
25%
409Saint Vincent
ja Grenadiinit
25%
1338Suriname
25%
642Trinidad ja Tobago
25%
998Aruba
0%
923Curaçao
0%
688Dominikaaninen
tasavalta
0%
500Grenada
0%
966Guyana
0%
333Saint Lucia
0%
126Sint Maarten
0%

Tulosjakauma

Persentiili vastausten määrän mukaan

Jokaisen tuloksen saaneiden osuus

Tuloshistoriasi

Et ole pelannut tätä visaa